00000000cam 2200000zi 4500
0019.958214
003CaOODSP
00520251212092544
006m     o  d f      
007cr bn|||||||||
008251212s2025    onc     ol   f000 0 eng d
040 |aCaOODSP|beng|erda|cCaOODSP
0410 |aeng|afre
043 |an-cn---
0861 |aXB451-4/3-PDF
1101 |aCanada. |bParliament. |bHouse of Commons, |eissuing body.
24513|aAn Act respecting certain affordability measures for Canadians and another measure = |bLoi concernant certaines mesures d'abordabilité pour les Canadiens et une autre mesure.
24611|aLoi concernant certaines mesures d'abordabilité pour les Canadiens et une autre mesure
2461 |iShort title: |aMaking Life More Affordable for Canadians Act
264 1|a[Ottawa] : |bHouse of Commons of Canada = Chambre des communes du Canada, |c2025.
300 |a1 online resource (ii, 23 pages).
336 |atext|btxt|2rdacontent
337 |acomputer|bc|2rdamedia
338 |aonline resource|bcr|2rdacarrier
4901 |aBill C-... ; |vBill C-4, 1st Session, 45th Parliament
500 |a"First Session, Forty-fifth Parliament, 3-4 Charles III, 2025."
500 |a"Bill C-4."
500 |a"As passed by the House of Commons December 11, 2025."
500 |a"91230."
520 |a"Part 1 amends the Income Tax Act to reduce the marginal personal income tax rate on the lowest tax bracket to 14.5% for the 2025 taxation year and to 14% for the 2026 and subsequent taxation years. Part 2 amends the Excise Tax Act and other related Regulations to implement a temporary GST new housing rebate for first-time home buyers. Part 3 repeals Part 1 of the Greenhouse Gas Pollution Pricing Act and the Fuel Charge Regulations. Part 4 amends the Canada Elections Act to make changes to the requirements relating to political parties' policies for the protection of personal information"--Summary, page ii.
546 |aText in English and French.
650 0|aIncome tax|xLaw and legislation|zCanada.
650 0|aDwellings|xTaxation|xLaw and legislation|zCanada.
650 0|aSales tax|xLaw and legislation|zCanada.
650 0|aTax rebates|xLaw and legislation|zCanada.
650 0|aCarbon taxes|xLaw and legislation|zCanada.
650 0|aPolitical parties|xLaw and legislation|zCanada.
650 0|aPrivacy, Right of|zCanada.
655 7|aLegislative bills|2lcgft
788 |tAn Act respecting certain affordability measures for Canadians and another measure = |efre|w(CaOODSP)9.958215
830#0|aBill C-...|vBill C-4, 1st Session, 45th Parliament.|w(CaOODSP)9.500659
85640|qPDF|s361 KB|uhttps://publications.gc.ca/collections/collection_2025/parl/XB451-4-3.pdf
8564 |qHTML|sN/A|uhttps://www.parl.ca/documentviewer/en/45-1/bill/C-4/third-reading?col=2